Loading...
| Literature - American | 0 | 6 | 1 | 1 | 55 | 81 | 115.33 | 1 | 2 | 12.87 | 30.56 |
| Religion | 0 | 4 | 0 | 2 | 40 | 112 | 122.50 | 0 | 0 | 3.68 | 13.89 |
| Literature - European | 0 | 4 | 0 | 0 | 40 | 82 | 91.50 | 0 | 1 | 15.89 | 19.44 |
| Social Science | 0 | 4 | 0 | 2 | 40 | 73 | 105.75 | 0 | 0 | 5.73 | 16.67 |
| Literature - World | 1 | 2 | 0 | 1 | 35 | 47 | 103.00 | 0 | 1 | 10.36 | 12.50 |
| History - Ancient/Other | 0 | 3 | 0 | 2 | 30 | 89 | 111.00 | 0 | 0 | 4.33 | 10.71 |
| Mythology | 1 | 2 | 1 | 1 | 30 | 47 | 89.00 | 1 | 2 | 10.38 | 20.83 |
| Fine Arts - Other | 0 | 3 | 0 | 1 | 30 | 96 | 104.00 | 0 | 1 | 3.84 | 12.50 |
| Literature - British | 0 | 2 | 0 | 0 | 20 | 122 | 124.00 | 0 | 0 | 3.33 | 4.17 |
| Fine Arts - Painting and Sculpture | 0 | 2 | 0 | 1 | 20 | 87 | 112.00 | 0 | 0 | 3.60 | 4.17 |
| History - European | 1 | 0 | 0 | 0 | 15 | 54 | 54.00 | 0 | 1 | 6.42 | 9.72 |
| Science - Other | 0 | 1 | 0 | 1 | 10 | 109 | 109.00 | 0 | 0 | 0.11 | 1.56 |
| History - American | 0 | 1 | 0 | 0 | 10 | 93 | 93.00 | 0 | 0 | 2.20 | 1.39 |
| Science - Chemistry | 0 | 1 | 0 | 1 | 10 | 125 | 125.00 | 0 | 0 | 0.17 | 1.39 |
| History - World | 0 | 1 | 1 | 1 | 5 | 119 | 119.00 | 0 | 0 | 0.27 | 1.39 |
| Science - Biology | 0 | 0 | 1 | 0 | -5 | 0.00 | 0 | 0 | 0.00 | 0.00 | |
| Current Events | 0 | 0 | 1 | 0 | -5 | 0.00 | 0 | 0 | 0.00 | 0.00 |